| 000 | 00591nam a22001937a 4500 | ||
|---|---|---|---|
| 003 | OSt | ||
| 005 | 20251024021953.0 | ||
| 008 | 251021b |||||||| |||| 00| 0 eng d | ||
| 020 | _a0-697-39592-8. | ||
| 040 |
_aDWCL-Main lib _cOC |
||
| 082 | _aCirc. 320.473 M529a 2000 | ||
| 100 | _aMelusky, Joseph A. | ||
| 245 |
_aThe American political system : _ban owner's manual |
||
| 260 |
_aBoston : _bMcGraw-Hill, _cc2000. |
||
| 300 |
_axx, 374 pages : _billustration ; _c23 cm. |
||
| 504 | _aIncludes index. | ||
| 650 | _21. United States-Politics and government. | ||
| 942 |
_2ddc _cBK-CIRC _kCirc. _n0 |
||
| 999 |
_c4966 _d4966 |
||